000 00854cam a22002771 4500
001 6981656
003 ARRUPE
005 20160927114316.0
008 740131s1953 nyub b 000 0 eng
010 _a 54004454
015 _aGB53-4641
035 _a(OCoLC)786514
040 _aDLC
_cOClU
_dOCoLC
_dUk
_dDLC
042 _apremarc
050 0 0 _aHQ691
_b.P45
082 _a392
_a301.42*
100 1 _aPhillips, Arthur,
_d1907-
_eed.
_926268
245 1 0 _aSurvey of African marriage and family life.
_c/edited by Aurthur Phillips
260 _aLondon,
_b Oxford University Press,
_c1953.
300 _axli, 462 p.
_bfold. map.
_c26 cm.
504 _aIncludes bibliographies.
650 0 _aMarriage
_zAfrica.
_914432
651 0 _aAfrica
_xSocial conditions.
_926269
906 _a7
_bcbc
_coclcrpl
_du
_encip
_f19
_gy-gencatlg
942 _2lcc
_cMONOGRAPH
999 _c125374
_d125374